| 000 | 00896nam a22002297a 4500 | ||
|---|---|---|---|
| 003 | DO-SdBNP | ||
| 005 | 20230731111320.0 | ||
| 007 | ta | ||
| 008 | 210913e2018 dr ||||frf||| 00| 0 spa d | ||
| 040 |
_aDO-SdBNP _bspa _cBNPHU |
||
| 082 | 4 |
_222 _bQ71g |
|
| 110 |
_aUniversidad Nacional a Distancia, _cSantiago de los caballeros, República Dominicana _d2018 _979861 |
||
| 245 | 1 | 0 |
_a54 quincuagésima cuarta graduación ordinaria : _bprograma / _cpresentación Ángel Hernández. |
| 246 | 0 | 4 |
_a Quincuagésima cuarta graduación ordinaria : _bprograma |
| 260 |
_aSantiago de los Caballeros, República Dominicana : _bUAPA, _c2017 |
||
| 300 |
_a65 p. ; _c22 cm. |
||
| 590 | _aInventariado 2021 / MF | ||
| 700 |
_911092 _aHernández, Ángel, _4presentación |
||
| 710 | 2 | 0 |
_938537 _aUniversidad Nacional a Distancia, UAPA |
| 830 |
_aUniversidad Nacional a Distancia _lspa _979850 |
||
| 942 |
_2ddc _cLBS1 |
||
| 999 |
_c50482 _d50482 |
||